|
|
|
|
| LEADER |
00000nam0a2200000 4500 |
| 001 |
308808 |
| 005 |
20231102002129.0 |
| 035 |
|
|
|a (RuTPU)RU\TPU\book\334129
|
| 090 |
|
|
|a 308808
|
| 100 |
|
|
|a 20151106d1982 k y0rusy5003 ca
|
| 101 |
0 |
|
|a rus
|
| 102 |
|
|
|a RU
|
| 105 |
|
|
|a a z 001zy
|
| 200 |
1 |
|
|a Радиотехнические устройства на транзисторных эквивалентах p-n-p-n структуры
|f А. А. Арефьев, Е. Н. Баскаков, Л. Н. Степанова
|
| 210 |
|
|
|a Москва
|c Радио и связь
|d 1982
|
| 215 |
|
|
|a 105 с.
|c ил.
|d 21 см.
|
| 320 |
|
|
|a Библиогр.: с. 102-104
|
| 606 |
1 |
|
|a Радиотехнические устройства
|2 stltpush
|3 (RuTPU)RU\TPU\subj\23258
|9 47884
|
| 610 |
1 |
|
|a отрицательное сопротивление
|
| 610 |
1 |
|
|a транзисторные эквиваленты
|
| 610 |
1 |
|
|a исследование
|
| 610 |
1 |
|
|a p-n структуры
|
| 610 |
1 |
|
|a усилители
|
| 610 |
1 |
|
|a построение
|
| 610 |
1 |
|
|a расчет
|
| 610 |
1 |
|
|a пороговые устройства
|
| 610 |
1 |
|
|a параметрические стабилизаторы
|
| 610 |
1 |
|
|a импульсные устройства
|
| 675 |
|
|
|a 621.37-021.66
|z rus
|v 4
|
| 700 |
|
1 |
|a Арефьев
|b А. А.
|g Александр Афанасьевич
|4 070
|
| 701 |
|
1 |
|a Баскаков
|b Е. Н.
|g Евгений Николаевич
|
| 701 |
|
1 |
|a Степанова
|b Л. Н.
|g Людмила Николаевна
|
| 801 |
|
0 |
|a RU
|b RuMRKP
|c 19950704
|g psbo
|
| 801 |
|
1 |
|a RU
|b 63413507
|c 20151106
|
| 801 |
|
2 |
|a RU
|b 63413507
|c 20171016
|g RCR
|
| 942 |
|
|
|c BK
|